| 000 | 00802nam a2200241 a 4500 | ||
|---|---|---|---|
| 001 | 5160 | ||
| 003 | CDMR | ||
| 005 | 20151016124801.0 | ||
| 008 | 130130s2006||||||||||||||||||||||||||||d | ||
| 020 | _a843937092X | ||
| 040 |
_aCDMR _bcat _cCDMR |
||
| 110 |
_9133 _aCol·legi de Periodistes de Catalunya |
||
| 245 | 1 | 0 |
_aLlibre Blanc de la professió periodística a Catalunya _cCol·legi de Periodistes de Catalunya |
| 260 |
_aBarcelona _bGeneralitat de Catalunya |
||
| 260 |
_c2006 _bCol·legi de Periodistes de Catalunya |
||
| 300 | _a194 p. | ||
| 490 |
_aLexikon _v1 |
||
| 650 | 0 | 4 |
_92400 _aPeriodistes _zCatalunya |
| 650 | 0 | 4 |
_92767 _aPeriodistes _xSituació legal, lleis, etc |
| 650 | 0 | 4 |
_93782 _aPeriodistes _xPràctica professional |
| 650 | 0 | 4 |
_94342 _aMercat de treball _zCatalunya |
| 942 |
_cMON _2ddc |
||
| 999 |
_c5160 _d5160 |
||